Pharmacology Revision Booklet for B.Sc. Nursing Students (Record no. 252125)

MARC details
000 -LEADER
fixed length control field 00388pam a2200145a 44500
008 - FIXED-LENGTH DATA ELEMENTS--GENERAL INFORMATION
fixed length control field 230405s2017 xxu||||| |||| 00| 0 eng d
082 ## - DEWEY DECIMAL CLASSIFICATION NUMBER
Classification number 615
Item number PAT
100 ## - MAIN ENTRY--PERSONAL NAME
Personal name Pathania,Joginder
245 ## - TITLE STATEMENT
Title Pharmacology Revision Booklet for B.Sc. Nursing Students
260 ## - PUBLICATION, DISTRIBUTION, ETC.
Place of publication, distribution, etc. New Delhi
Name of publisher, distributor, etc. CBS Pub.
Date of publication, distribution, etc. 2017
300 ## - PHYSICAL DESCRIPTION
Extent 54 p.
700 ## - ADDED ENTRY--PERSONAL NAME
Personal name Sood,Vikas
700 ## - ADDED ENTRY--PERSONAL NAME
Personal name Bharti,Rupendra
906 ## - LOCAL DATA ELEMENT F, LDF (RLIN)
a 003896

No items available.